|
|
|
|
| LEADER |
03730nam a22005895i 4500 |
| 001 |
978-3-540-48276-5 |
| 003 |
DE-He213 |
| 005 |
20151204175306.0 |
| 007 |
cr nn 008mamaa |
| 008 |
110113s2006 gw | s |||| 0|eng d |
| 020 |
|
|
|a 9783540482765
|9 978-3-540-48276-5
|
| 024 |
7 |
|
|a 10.1007/11915072
|2 doi
|
| 040 |
|
|
|d GrThAP
|
| 050 |
|
4 |
|a QA76.9.U83
|
| 050 |
|
4 |
|a QA76.9.H85
|
| 072 |
|
7 |
|a UYZG
|2 bicssc
|
| 072 |
|
7 |
|a COM070000
|2 bisacsh
|
| 082 |
0 |
4 |
|a 005.437
|2 23
|
| 082 |
0 |
4 |
|a 4.019
|2 23
|
| 245 |
1 |
0 |
|a On the Move to Meaningful Internet Systems 2006: OTM 2006 Workshops
|h [electronic resource] :
|b OTM Confederated International Workshops and Posters, AWeSOMe, CAMS, COMINF, IS, KSinBIT, MIOS-CIAO, MONET, OnToContent, ORM, PerSys, OTM Academy Doctoral Consortium, RDDS, SWWS, and SeBGIS 2006, Montpellier, France, October 29 - November 3, 2006. Proceedings, Part II /
|c edited by Robert Meersman, Zahir Tari, Pilar Herrero.
|
| 264 |
|
1 |
|a Berlin, Heidelberg :
|b Springer Berlin Heidelberg,
|c 2006.
|
| 300 |
|
|
|a XLV, 1010 p.
|b online resource.
|
| 336 |
|
|
|a text
|b txt
|2 rdacontent
|
| 337 |
|
|
|a computer
|b c
|2 rdamedia
|
| 338 |
|
|
|a online resource
|b cr
|2 rdacarrier
|
| 347 |
|
|
|a text file
|b PDF
|2 rda
|
| 490 |
1 |
|
|a Lecture Notes in Computer Science,
|x 0302-9743 ;
|v 4278
|
| 505 |
0 |
|
|a Workshop on Ontology Content and Evaluation in Enterprise (OnToContent) -- Ontology Quality and Consensus -- Ontology Construction and eHealth Ontologies -- Competence Ontologies -- Workshop on Obect-Role Modeling(ORM) -- Modeling Extensions -- Data Warehousing -- Language and Tool Issues -- Dynamic Rules and Processes -- The Modeling Process and Instructional Design -- Workshop on Pervasive Systems (PerSys) -- Infrastructure for Pervasive Systems -- Service Discovery and Personalization -- Pervasive Environments -- Security and Privacy -- Wireless and Sensor Networks -- Doctoral Consortium -- Enterprise Systems -- System Development -- Workshop on Reliability in Decentralized Distributed Systems (RDDS) -- P2P -- Distributed Algorithms -- Reliability Evaluation -- Workshop on Semantic-Based Geographical Information Systems (SeBGIS) -- GIS Integration and GRID -- Spatial Data Warehouses -- Spatio-temporal GIS -- Semantic Similarity -- Enhancing Usability -- IFIP WG 2.12 and WG 12.4 International Workshop on Web Semantics (SWWS) -- Security, Risk and Privacy for the Semantic Web -- Semantic Web and Querying -- Ontologies -- Applications of Semantic Web -- Concepts for the Semantic Web -- Workshop on Context Aware Mobile Systems (CAMS) -- Models of Context -- Service Models -- Data Handling -- Users and Uses -- Filtering and Control -- Erratum.
|
| 650 |
|
0 |
|a Computer science.
|
| 650 |
|
0 |
|a Computer communication systems.
|
| 650 |
|
0 |
|a Software engineering.
|
| 650 |
|
0 |
|a Database management.
|
| 650 |
|
0 |
|a Information storage and retrieval.
|
| 650 |
|
0 |
|a User interfaces (Computer systems).
|
| 650 |
1 |
4 |
|a Computer Science.
|
| 650 |
2 |
4 |
|a User Interfaces and Human Computer Interaction.
|
| 650 |
2 |
4 |
|a Database Management.
|
| 650 |
2 |
4 |
|a Information Storage and Retrieval.
|
| 650 |
2 |
4 |
|a Information Systems Applications (incl. Internet).
|
| 650 |
2 |
4 |
|a Computer Communication Networks.
|
| 650 |
2 |
4 |
|a Software Engineering.
|
| 700 |
1 |
|
|a Meersman, Robert.
|e editor.
|
| 700 |
1 |
|
|a Tari, Zahir.
|e editor.
|
| 700 |
1 |
|
|a Herrero, Pilar.
|e editor.
|
| 710 |
2 |
|
|a SpringerLink (Online service)
|
| 773 |
0 |
|
|t Springer eBooks
|
| 776 |
0 |
8 |
|i Printed edition:
|z 9783540482734
|
| 830 |
|
0 |
|a Lecture Notes in Computer Science,
|x 0302-9743 ;
|v 4278
|
| 856 |
4 |
0 |
|u http://dx.doi.org/10.1007/11915072
|z Full Text via HEAL-Link
|
| 912 |
|
|
|a ZDB-2-SCS
|
| 912 |
|
|
|a ZDB-2-LNC
|
| 950 |
|
|
|a Computer Science (Springer-11645)
|